| 000 | 00426nam a22001697a 4500 | ||
|---|---|---|---|
| 003 | OSt | ||
| 005 | 20211115092534.0 | ||
| 008 | 211115b |||||||| |||| 00| 0 eng d | ||
| 020 | _a193157605 | ||
| 040 | _cHU | ||
| 082 | _a371.200/THE | ||
| 100 |
_aWAYNE HOY _918256 |
||
| 245 | _aTHEORY AND RESEARCH IN EDUCATIONAL ADMINISTRATION | ||
| 260 |
_aAMERICA _bINFORMATUION AGE _c2002 |
||
| 300 | _a202P | ||
| 942 |
_2ddc _cBOOKS _n0 |
||
| 999 |
_c18116 _d18116 |
||